[Event "New Delhi Parsvnath op 7th"]
[Site "New Delhi"]
[Date "2009.01.12"]
[Round "3"]
[White "Konguvel, Ponnuswamy"]
[Black "Appolosana, RK."]
[Result "1-0"]
[WhiteElo "2462"]
[BlackElo "2195"]
[PlyCount "61"]
[EventDate "2009.01.11"]
[EventType "swiss"]
[EventRounds "10"]
[EventCountry "IND"]
[SourceTitle "CBM 128 Extra"]
[Source "ChessBase"]
[SourceDate "2009.03.05"]
[SourceVersion "2"]
[SourceVersionDate "2009.03.25"]
[SourceQuality "1"]

1. e4 e5 2. Nf3 Nc6 3. Bb5 a6 4. Ba4 Nf6 5. 0-0 Be7 6. Re1 b5 7. Bb3 0-0 8. c3 d6 9. h3 Bb7 10. d4 Re8 11. Nbd2 Bf8 12. a4 Na5 13. Bc2 c5 14. d5 c4 15. Nf1 h6 16. Ng3 g6 17. Nh2 Nd7 18. axb5 axb5 19. Ng4 Kh7 20. f4 h5 21. Nh2 Qh4 22. Nf3 Qe7 23. f5 Bh6 24. Bxh6 Kxh6 25. Rf1 Rf8 26. h4 Qd8 27. Ng5 Qb6+ 28. Kh1 Nf6 29. Qd2 Kg7 30. fxg6 fxg6 31. Ne6+ 1-0